Energía y minería: competencias ambientales
Saved in:
| Corporate Authors: | , |
|---|---|
| Format: | Bog |
| Sprog: | spansk |
| Udgivet: |
Santiago
CONAMA
1996
|
| Serier: | Estudios de Legislación Ambiental. Serie Jurídica, 7
|
| Fag: | |
| Tags: |
Tilføj Tag
Ingen Tags, Vær først til at tagge denne postø!
|
MARC
| LEADER | 00000nam a2200000 a 4500 | ||
|---|---|---|---|
| 001 | UCS5173 | ||
| 003 | CL-VaPUC | ||
| 008 | 970830e19960000CL |||||||||||||||||spa|d | ||
| 082 | 0 | 4 | |a 344.046 |b COM |2 21 |
| 110 | 2 | |a Comisión Nacional del Medio Ambiente |e author |9 390989 | |
| 710 | 2 | |a CONAMA |e author |9 390990 | |
| 245 | 1 | 0 | |a Energía y minería: competencias ambientales |
| 300 | |a 36 p | ||
| 942 | |c BK | ||
| 945 | |d 19970830 00:00:00 |a rleighto | ||
| 260 | |a Santiago |b CONAMA |c 1996 | ||
| 650 | 7 | |a LEGISLACION AMBIENTAL |2 CL-VaPUC |9 390991 | |
| 650 | 0 | |a Energía |9 259431 | |
| 650 | 0 | |a Minería |9 326008 | |
| 650 | 7 | |a CONTAMINACION RADIACTIVA |2 CL-VaPUC |9 343817 | |
| 650 | 0 | |a Protección del medio ambiente |9 257626 | |
| 583 | |a last modification |c 19970830 00:00:00 |k Rodrigo Vera | ||
| 490 | 0 | |a Estudios de Legislación Ambiental. Serie Jurídica, 7 | |
| 999 | |c 261802 |d 261800 | ||
| 952 | |0 0 |1 0 |4 0 |6 344_046000000000000_COM_1996 |7 0 |8 P |9 289610 |a BIBDER |b BIBDER |d 2019-11-19 |i 3658694 |o 344.046 COM 1996 |p 3658694 |r 2023-01-25 |w 2019-11-19 |y BK |k DER | ||
| 952 | |0 0 |1 1 |2 ddc |4 0 |6 344_046000000000000_COM_1996 |7 0 |8 P |9 289611 |a BIBAGR |b BIBAGR |d 2019-11-19 |i 3400530 |o 344.046 COM 1996 |p 3400530 |r 2019-11-19 |w 2019-11-19 |y BK |k AGR | ||